Organization Structure and Design Applications & Challenges

Saved in:
Bibliographic Details
Main Author: Aquinas, P.G
Format: Book
Language:English
Published: New Delhi Excel Books 2008
Edition:1st Edition
Subjects:
Tags: Add Tag
No Tags, Be the first to tag this record!

MARC

LEADER 00000nam a2200000 4500
001 0246906
005 20240314085900.6
020 |a 978-81-7446-682-2 
041 0 |a eng 
044 |a IN 
245 1 0 |a Organization Structure and Design  |b Applications & Challenges  |c P G Aquinas 
250 |a 1st Edition 
264 1 |a New Delhi  |b Excel Books  |c 2008 
300 |a 524 s. 
610 2 0 |a podnik 
610 2 0 |a vývoj podniku 
610 2 0 |a teória organizácie 
610 2 0 |a štruktúra organizačná 
610 2 0 |a dizajn firemný 
610 2 0 |a miesta pracovné 
610 2 0 |a zmeny organizačné 
610 2 0 |a konflikty 
610 2 0 |a riadenie 
610 2 0 |a stratégia podniková 
610 2 0 |a vodcovstvo 
610 2 0 |a učiaca sa organizácia 
610 2 0 |a kultúra podniková 
610 2 0 |a správa podniku 
100 1 |a Aquinas, P.G.